[Event "PRAGUE OPEN 2019 - B - FIDE open"]
[Site "Praha, Olympik hotel"]
[Date "2019.01.15"]
[Round "6"]
[White "Ochedzan, Filip"]
[Black "Rakovsky, Jakub"]
[Result "0-1"]
[WhiteElo "1110"]
[BlackElo "1702"]
[PlyCount "56"]
[EventDate "2019.01.11"]

1. e4 c5 2. Nf3 g6 3. d4 cxd4 4. Nxd4 Bg7 5. Nc3 Nc6 6. Be3 Nf6 7. Qd2 d6 8. f3
a6 9. Be2 Bd7 10. g4 b5 11. h4 Rc8 12. O-O-O b4 13. Na4 Nxd4 14. Bxd4 Bxa4 15.
b3 Bb5 16. g5 Nh5 17. f4 Bxe2 18. Bxg7 Bxd1 19. Qxd1 Nxg7 20. Qd4 Qc7 21. Rh2
Qc3 22. Qxc3 Rxc3 23. e5 Nf5 24. Rd2 O-O 25. Rd5 Rfc8 26. Ra5 Rxc2+ 27. Kb1
Rc1+ 28. Kb2 R8c2# 0-1

[Event "PRAGUE OPEN 2019 - B - FIDE open"]
[Site "Praha, Olympik hotel"]
[Date "2019.01.15"]
[Round "6"]
[White "Tomanek, Karel"]
[Black "Kylar, Miroslav"]
[Result "0-1"]
[WhiteElo "1362"]
[BlackElo "1943"]
[PlyCount "34"]
[EventDate "2019.01.11"]

1. d4 d5 2. c4 c6 3. Nc3 Nf6 4. Nf3 dxc4 5. Bg5 Nd5 6. e4 Nxc3 7. bxc3 b5 8. a3
h6 9. Bh4 g5 10. Nxg5 hxg5 11. Bxg5 Qa5 12. Qc2 Bg7 13. e5 Bf5 14. Qb2 c5 15.
Be3 cxd4 16. Bxd4 Nc6 17. Rd1 Nxd4 0-1

[Event "PRAGUE OPEN 2019 - B - FIDE open"]
[Site "Praha, Olympik hotel"]
[Date "2019.01.15"]
[Round "6"]
[White "Plesnivy, Martin"]
[Black "Vavrova, Jaroslava"]
[Result "1-0"]
[WhiteElo "1698"]
[BlackElo "1423"]
[PlyCount "39"]
[EventDate "2019.01.11"]

1. e4 c5 2. Nf3 Nc6 3. d4 cxd4 4. Nxd4 Nf6 5. Nc3 e6 6. Be3 Bb4 7. f3 O-O 8.
Qd2 a6 9. O-O-O b5 10. Nxc6 dxc6 11. Qxd8 Rxd8 12. Rxd8+ Bf8 13. Bc5 Nd7 14.
Bxf8 Nxf8 15. e5 g6 16. Ne4 Kg7 17. Nd6 Bb7 18. Nxb7 Rxd8 19. Nxd8 Nd7 20. Nxc6
1-0

[Event "PRAGUE OPEN 2019 - B - FIDE open"]
[Site "Praha, Olympik hotel"]
[Date "2019.01.15"]
[Round "6"]
[White "Seidl, Vladislav"]
[Black "Stevik St, Patrik"]
[Result "1/2-1/2"]
[WhiteElo "1596"]
[BlackElo "1409"]
[PlyCount "26"]
[EventDate "2019.01.11"]

1. d4 d5 2. Nf3 Nc6 3. c4 f6 4. Nc3 e6 5. e3 a6 6. h3 h6 7. cxd5 exd5 8. Bd3 f5
9. O-O g5 10. Re1 Nf6 11. Qc2 Ne4 12. Qb3 Nb4 13. Bxe4 fxe4 1/2-1/2

[Event "PRAGUE OPEN 2019 - B - FIDE open"]
[Site "Praha, Olympik hotel"]
[Date "2019.01.15"]
[Round "6"]
[White "Korbel, Jiri"]
[Black "Werner, Roman"]
[Result "1/2-1/2"]
[WhiteElo "1343"]
[BlackElo "1585"]
[PlyCount "45"]
[EventDate "2019.01.11"]

1. d4 Nf6 2. Nc3 g6 3. e4 d6 4. h3 Bg7 5. Nf3 O-O 6. Bd3 c6 7. O-O b5 8. b4 Bb7
9. Bb2 Nbd7 10. Ne2 a6 11. c3 e6 12. Ng3 Qb6 13. a3 Rfe8 14. Qc2 c5 15. Rad1 h5
16. Rfe1 Rac8 17. Qe2 cxb4 18. cxb4 Rc7 19. Rc1 Rec8 20. Rxc7 Rxc7 21. Rc1
Rxc1+ 22. Bxc1 Qc6 23. Qc2 1/2-1/2

[Event "PRAGUE OPEN 2019 - B - FIDE open"]
[Site "Praha, Olympik hotel"]
[Date "2019.01.15"]
[Round "6"]
[White "Soucek, Jan"]
[Black "Rous, Dominik"]
[Result "1-0"]
[WhiteElo "1476"]
[BlackElo "1307"]
[PlyCount "51"]
[EventDate "2019.01.11"]

1. d4 d5 2. Nf3 Bf5 3. c4 c6 4. Nc3 e6 5. Qb3 Qc8 6. g3 Nd7 7. Bg2 Ngf6 8. O-O
Be7 9. Re1 O-O 10. Nd2 Qc7 11. e4 dxe4 12. Ndxe4 Nxe4 13. Nxe4 Nf6 14. Bf4 Qd7
15. Rad1 Nxe4 16. Bxe4 Bxe4 17. Rxe4 Bf6 18. Be5 Bxe5 19. dxe5 Qc7 20. Red4 b6
21. Rd6 c5 22. Qd3 g6 23. f4 Kg7 24. Qc3 Rfd8 25. R1d3 Rxd6 26. exd6+ 1-0

[Event "PRAGUE OPEN 2019 - A - IM open"]
[Site "Praha, Olympik hotel"]
[Date "2019.01.16"]
[Round "7"]
[White "Kacharava, Nikolozi"]
[Black "Postny, Evgeny"]
[Result "0-1"]
[BlackElo "2623"]
[WhiteElo "2397"]
[LiveChessVersion "1.4.8"]

1. e4  c6  2. d4  d5
 3. Nd2  dxe4  4. Nxe4
 Bf5  5. Nc5  Nd7
 6. Bd3  Nxc5  7. Bxf5
 e6  8. Bh3  Nd7 
9. Nf3  Ngf6  10. O-O  Bd6
 11. g3  O-O  12. Qe2
 Qc7  13. c4  Rfe8
 14. Rd1  e5  15. dxe5
 Nxe5  16. Nxe5  Bxe5
 17. Be3  c5  18. Qc2
 Rad8  19. Rxd8  Rxd8
 20. Re1  Qa5  21. Re2
 Bd4  22. b3  Bxe3
 23. Rxe3  Qc7  24. Bg2
 b6  25. Bf3  g6 
26. Kg2  Rd4  27. Qc3  Qd6
 28. Re2  a5  29. Qe3
 a4  30. Qh6  Qf8
 31. Qxf8+  Kxf8  32. Bc6
 a3  33. h3  g5 
34. Kf3  Rd3+  35. Re3  Rd6
 36. Bb7  Rd1  37. b4
 cxb4  38. Rb3  Rd2
 39. Rxb4  Rb2  40. Rb5
 Nd7  41. Bc6  Nc5
 42. Be4  Rxa2  43. Rxb6
 Rd2  44. Rb8+  Ke7
 45. Ra8  a2  46. Ke3
 Rd1  47. Rxa2  Re1+
 48. Kd4  Nxe4  49. Ra7+
 Ke6  50. Ra6+  Ke7
 51. Ra7+  Kf6  52. c5
 Nxf2  53. c6  Re4+
 54. Kd5  Re5+  55. Kd4
 Re8  56. c7  Nxh3
 57. Rb7  Rc8  58. Kd5
 Kf5  59. Kd6  Kg4
 60. Rb3  Nf2  61. Kd7
 Rxc7+  62. Kxc7  Ne4
 63. Rb4  f5  64. Kd7
 Kxg3  65. Ke6  Kg4
 66. Ke5  h5  67. Rb8
 h4  68. Rh8  h3 
69. Kd4  Ng3  70. Ke3  h2
 0-1

[Event "PRAGUE OPEN 2019 - A - IM open"]
[Site "Praha, Olympik hotel"]
[Date "2019.01.16"]
[Round "7"]
[White "Frolov, Artur"]
[Black "Zhang, Ziji"]
[Result "1-0"]
[BlackElo "2387"]
[WhiteElo "2430"]
[LiveChessVersion "1.4.8"]

1. e4  e5  2. Nf3  Nc6
 3. Bb5  a6  4. Ba4
 Nf6  5. O-O  Be7
 6. Re1  b5  7. Bb3
 d6  8. c3  O-O 
9. h3  Bb7  10. d4  Re8
 11. Nbd2  Bf8  12. Bc2
 h6  13. d5  Nb8 
14. b3  c6  15. c4  Nbd7
 16. a4  bxc4  17. bxc4
 a5  18. Nb3  Qc7
 19. Bd2  cxd5  20. cxd5
 Nc5  21. Nxc5  Qxc5
 22. Bd3  Ba6  23. Bxa6
 Rxa6  24. Rc1  Qa3
 25. Re3  Qa2  26. Re2
 Qa3  27. Re3  Qa2
 28. Bc3  Rc8  29. Nd2
 Qa3  30. Nb1 1-0

[Event "PRAGUE OPEN 2019 - A - IM open"]
[Site "Praha, Olympik hotel"]
[Date "2019.01.16"]
[Round "7"]
[White "Vojta, Tomas"]
[Black "Wang, Yiye"]
[Result "1/2-1/2"]
[BlackElo "2443"]
[WhiteElo "2351"]
[LiveChessVersion "1.4.8"]

1. d4  Nf6  2. c3  g6
 3. Nf3  Bg7  4. Bg5
 O-O  5. Nbd2  d6
 6. e4  Nc6  7. Bb5
 Bd7  8. O-O  h6 
9. Bh4  a6  10. Be2  e5
 11. dxe5  dxe5  12. Qc2
 Qc8  13. Rfe1  Nh5
 14. a4  Nf4  15. Bf1
 f5  16. exf5  gxf5
 17. Bg3  Ng6  18. Nh4
 Nxh4  19. Bxh4  Be6
 20. f3  Qe8  21. Nb3
 b6  22. Nd2  Qh5
 23. Bg3  Qf7  24. b4
 Rfd8  25. b5  axb5
 26. Bxb5  Bd5  27. Bxc6
 Bxc6  28. Bxe5  Re8
 29. Bxg7  Kxg7  30. Rxe8
 Qxe8  31. Nf1  Qe5
 32. Ng3  Kg6  33. Qd2
 Rxa4  34. Re1  Qc5+
 35. Kh1  Qd6  36. Qc2
 Ra5  37. Ne2  Kg7
 38. Nd4  Bd7  39. Qe2
 Rd5  40. h3  b5 
41. Qb2  Kf7  42. Qb3  Kf8
 43. Qa2  c5  44. Qa8+
 Kf7  45. Qh8  cxd4
 1/2-1/2

[Event "PRAGUE OPEN 2019 - A - IM open"]
[Site "Praha, Olympik hotel"]
[Date "2019.01.16"]
[Round "7"]
[White "Cerveny, Petr"]
[Black "Xiang, Zeyu"]
[Result "0-1"]
[BlackElo "2440"]
[WhiteElo "2318"]
[LiveChessVersion "1.4.8"]

1. e4  e5  2. Nf3  Nc6
 3. Bc4  Bc5  4. O-O
 Nf6  5. d3  d6 
6. c3  O-O  7. h3  h6
 8. Re1  a6  9. Bb3
 Ba7  10. Nbd2  Nh5
 11. Nf1  Qf6  12. Ne3
 Nf4  13. Ng4  Qg6
 14. Bxf4  exf4  15. d4
 Bxg4  16. hxg4  Qxg4
 17. Qd3  Ne7  18. Bc2
 g6  19. b4  Kg7 
20. Re2  c6  21. a4  Rfe8
 22. Rae1  Rad8  23. c4
 Qd7  24. Qc3  d5
 25. exd5  cxd5  26. c5
 Bb8  27. b5  axb5
 28. axb5  Kf8  29. Ba4
 b6  30. Ne5  Bxe5
 31. Rxe5  Nc8  32. cxb6
 Rxe5  33. Rxe5  Nxb6
 34. Qc5+  Qd6  35. Bb3
 Kg7  36. Re7  Qf6
 37. Qc7  Rc8  38. Qe5
 Rc1+  39. Kh2  Rb1
 40. Rb7  Qxe5  41. dxe5
 Rxb3  42. Rxb6  d4
 43. Rb7  Kf8  44. Rd7
 d3  45. b6  Ke8 
46. Rd4  Ke7  47. g3  fxg3+
 48. Kxg3  Ke6  49. f4
 Kf5  50. Rd7  d2+
 51. Kf2  Kxf4  52. Ke2
 Rxb6  0-1

[Event "PRAGUE OPEN 2019 - A - IM open"]
[Site "Praha, Olympik hotel"]
[Date "2019.01.16"]
[Round "7"]
[White "Liu, Guanchu"]
[Black "Liu, Zhaoqi"]
[Result "1-0"]
[BlackElo "2300"]
[WhiteElo "2425"]
[LiveChessVersion "1.4.8"]

1. e4  e6  2. d4  d5
 3. Nd2  Be7  4. e5
 c5  5. c3  cxd4 
6. cxd4  Qb6  7. Ndf3  Bb4+
 8. Bd2  Nc6  9. Bxb4
 Qxb4+  10. Qd2  Nge7
 11. Bd3  Bd7  12. Ne2
 Qxd2+  13. Kxd2  O-O
 14. Rac1  Rac8  15. Rc3
 Nb4  16. Bb1  Rxc3
 17. Nxc3  Nbc6  18. Bd3
 a6  19. b3  b5 
20. Bb1  f6  21. exf6  gxf6
 22. Re1  Nc8  23. Re3
 Nd6  24. Ne2  f5
 25. Ne5  Nxe5  26. dxe5
 Ne4+  27. Bxe4  dxe4
 28. Rc3  Rd8  29. Ke3
 Kf7  30. Rc7  Ke7
 31. Nf4  a5  32. Kd4
 a4  33. b4  Rb8 
34. a3  Kd8  35. Rc3  Ke7
 36. Rh3  Rb6  37. Rxh7+
 Kd8  38. Rh3  Rb7
 39. Rc3  Bc8  40. Rc6
 Bd7  41. Rc2  Ke7
 42. h4  Be8  43. Ke3
 Rd7  44. Rc6  Bf7
 45. Ke2  Rd8  46. Rc7+
 Kf8  47. h5  Rd4
 48. h6 1-0

[Event "PRAGUE OPEN 2019 - A - IM open"]
[Site "Praha, Olympik hotel"]
[Date "2019.01.16"]
[Round "7"]
[White "Chudinovskikh, Alexander M."]
[Black "Spiess, Gunter"]
[Result "1/2-1/2"]
[BlackElo "2414"]
[WhiteElo "2184"]
[LiveChessVersion "1.4.8"]

1. e4  e6  2. d4  d5
 3. exd5  exd5  4. Nf3
 Bd6  5. c4  Nf6 
6. Nc3  O-O  7. cxd5  Nbd7
 8. Bc4  Re8+  9. Be3
 Ng4  10. O-O  Nxe3
 11. fxe3  Rxe3  12. Qd2
 Re8  13. Rae1  Rxe1
 14. Qxe1  Nf6  15. Ne5
 a6  16. Qh4  Qe7
 17. Kh1  Bxe5  18. Re1
 Nxd5  19. Rxe5  Be6
 20. Qe1  Nxc3  21. bxc3
 Qa3  22. Bxe6  fxe6
 23. Rxe6  Rf8  24. h3
 Qxa2  25. Re7  Qc4
 26. Qe5  Rf7  27. Re8+
 Rf8  28. d5  Qf1+
 29. Kh2  Rxe8  30. Qxe8+
 Qf8  31. Qe6+  Kh8
 32. c4  b6  33. Kh1
 h6  34. Qc6  Qf1+
 35. Kh2  Qf4+  36. Kh1
 Qf1+  37. Kh2  Qf4+
 38. Kh1  a5  39. Qb5
 Kh7  40. Qc6  Qd6
 41. Qe8  Qf6  42. Qe4+
 g6  43. Qe8  Kg7
 44. Qd7+  Qf7  45. Qc6
 Qe7  46. Qb5  h5
 47. Qb2+  Kh7  48. Qb5
 Qe1+  49. Kh2  Qe5+
 50. Kh1  Kg7  51. Qd7+
 Kf6  52. Qb5  Kg5
 53. Qb3  Qe1+  54. Kh2
 h4  55. Qb5  Qe5+
 56. Kh1  Kf4  57. Qb1
 Qe4  58. Qc1+  Qe3
 59. Qd1  g5  60. d6
 cxd6  61. Qxd6+  Kf5
 62. Qd5+  Kf6  63. Qd8+
 Kf7  64. Qc7+  Kg6
 65. Qd6+  Kh5  66. Qd1+
 Kh6  67. Qd6+  Kg7
 68. Qd7+  Kf6  69. Qd8+
 Kf5  70. Qd5+  Qe5
 71. Qd7+  Qe6  72. Qd3+
 Kf6  73. Qd4+  Kg6
 74. c5  bxc5  75. Qxc5
 Qa6  76. Qc2+  Kh6
 77. Qf5  a4  78. Qf8+
 Kg6  79. Qe8+  Kf5
 80. Qf7+  Ke4  81. Qe7+
 Kf4  82. Qf7+  Ke5
 83. Qe7+  Kf5  84. Qf7+
 Ke5  85. Qe7+  Ke4 86. Qxg5 Kd3
87. Qd5+ a3 88. Qc5 Kc3 89. Qe3+ Kb4 1/2-1/2

[Event "PRAGUE OPEN 2019 - A - IM open"]
[Site "Praha, Olympik hotel"]
[Date "2019.01.16"]
[Round "7"]
[White "Hrdina, Robin"]
[Black "Pechac, Jergus"]
[Result "0-1"]
[BlackElo "2472"]
[WhiteElo "2268"]
[LiveChessVersion "1.4.8"]

1. e4  e6  2. d4  d5
 3. exd5  exd5  4. Bd3
 c5  5. c3  Nc6 
6. Ne2  Nf6  7. O-O  Be7
 8. dxc5  Bxc5  9. Bg5
 O-O  10. Bc2  Re8
 11. Nd4  h6  12. Bh4
 Bg4  13. f3  Bd7
 14. Kh1  Rc8  15. Na3
 Ne5  16. Bb3  Bxa3
 17. Bxf6  Qxf6  18. bxa3
 Rxc3  19. Bxd5  Rd3
 20. Qc1  0-1

[Event "PRAGUE OPEN 2019 - A - IM open"]
[Site "Praha, Olympik hotel"]
[Date "2019.01.16"]
[Round "7"]
[White "Neuman, Petr"]
[Black "Csiki, Endre"]
[Result "1/2-1/2"]
[BlackElo "2264"]
[WhiteElo "2428"]
[LiveChessVersion "1.4.8"]

1. g3  g6  2. Bg2  Bg7
 3. e4  c5  4. h4
 h5  5. d3  Nc6 
6. Nc3  d6  7. Nh3  Bg4
 8. f3  Bd7  9. Be3
 Nd4  10. Qd2  e6
 11. Nd1  Ne7  12. c3
 Ndc6  13. Ndf2  Qa5
 14. O-O  d5  15. Qc2
 d4  16. Bd2  Qc7
 17. f4  e5  18. Ng5
 f6  19. Nf3  O-O-O
 20. fxe5  fxe5  21. Ng5
 Rhf8  22. c4  Ng8
 23. a3  Qd6  24. b4
 Kb8  25. Rab1  Nh6
 26. bxc5  Qe7  27. Nh7
 Rh8  28. Bg5  Qxc5
 29. Bxd8  Nxd8  30. Ng5
 Qe7  31. Bh3  Ng4
 32. Nxg4  hxg4  33. Bg2
 Bh6  34. Qd2  Bc8
 35. Qb4  Bxg5  36. hxg5
 Qxg5  37. Qd6+  Ka8
 38. Qf6  Qh6  39. Rf2
 Ne6  40. Qh4  Qxh4
 41. gxh4  Nf4  42. Bf1
 Bd7  43. Rfb2  Bc6
 44. Kf2  Rxh4  45. Kg3
 g5  46. Rh2  Nh5+
 47. Kg2  Nf4+  48. Kg3
 Nh5+  49. Kg2  Nf4+
 50. Kg3 1/2-1/2

[Event "PRAGUE OPEN 2019 - A - IM open"]
[Site "Praha, Olympik hotel"]
[Date "2019.01.16"]
[Round "7"]
[White "Mueller-Dehn, Christian"]
[Black "Plischki, Sebastian"]
[Result "0-1"]
[BlackElo "2426"]
[WhiteElo "2167"]
[LiveChessVersion "1.4.8"]

1. Nf3  Nf6  2. c4  g6
 3. b4  Bg7  4. Bb2
 O-O  5. g3  c6 
6. Bg2  d5  7. cxd5  Nxd5
 8. Bxg7  Kxg7  9. Qb3
 Qb6  10. a3  a5 
11. Nc3  axb4  12. Nxd5  cxd5
 13. Rb1  Nc6  14. O-O
 Ra5  15. e3  Bf5
 16. Rb2  Rfa8  17. axb4
 Rb5  18. Qc3+  Kg8
 19. Nh4  d4  20. exd4
 Nxd4  21. Qe3  Be6
 22. Rfb1  Qd6  23. Nf3
 Nxf3+  24. Bxf3  Rd8
 25. Be2  Re5  26. Qf3
 Bd5  27. Qd3  Qb6
 28. Bf3  Rf5  29. Bxd5
 Qxf2+  30. Kh1  Rfxd5
 31. Qe3  Qf5  32. Re1
 e6  33. Ra2  Rd3
 34. Qe4  Qxe4+  35. Rxe4
 Rxd2  36. Ra7  Rb2
 0-1

[Event "PRAGUE OPEN 2019 - A - IM open"]
[Site "Praha, Olympik hotel"]
[Date "2019.01.16"]
[Round "7"]
[White "Riha, Vojtech"]
[Black "Lalic, Bogdan"]
[Result "1/2-1/2"]
[BlackElo "2418"]
[WhiteElo "2145"]
[LiveChessVersion "1.4.8"]

1. e4  c5  2. b4  cxb4
 3. a3  e5  4. Nf3
 Nc6  5. Bb5  Nf6
 6. O-O  Nxe4  7. Re1
 Nd6  8. Nxe5  Be7
 9. Bd3  Nxe5  10. Rxe5
 O-O  11. Bb2  Bf6
 12. axb4  Ne8  13. Rh5
 g6  14. Bxf6  Nxf6
 15. Rha5  a6  16. Nc3
 Rb8  17. h4  d6 
18. Qf3  Ng4  19. Qg3  b5
 20. Nd5  Ne5  21. h5
 Bb7  22. Nf4  Qf6
 23. Re1  Kh8  24. Be4
 Nc4  25. Bxb7  Nxa5
 26. Nd5  Qd4  27. bxa5
 Rxb7  28. Qxd6  Rbb8
 29. Re5  Qh4  30. Nf6
 Rfd8 1/2-1/2

[Event "PRAGUE OPEN 2019 - A - IM open"]
[Site "Praha, Olympik hotel"]
[Date "2019.01.16"]
[Round "7"]
[White "Kvaloy, Aksel Bu"]
[Black "Serrano Salvador, Eduardo"]
[Result "0-1"]
[WhiteElo "1914"]
[BlackElo "2282"]
[PlyCount "76"]
[EventDate "2019.01.11"]

1. e4 c5 2. Nf3 e6 3. d4 cxd4 4. Nxd4 Nc6 5. Nc3 Qc7 6. Be3 a6 7. a3 Nf6 8. f4
d6 9. Be2 Be7 10. Bf3 Na5 11. O-O Nc4 12. Bc1 e5 13. Nde2 Nxb2 14. Qe1 Nc4 15.
g4 Qc5+ 16. Kh1 Bxg4 17. f5 Ne3 18. Bxg4 Nxf1 19. Qxf1 Nxg4 20. Qf3 h5 21. h3
Bd8 22. Kg2 Nf6 23. Be3 Qc6 24. Rb1 b5 25. a4 Ba5 26. axb5 axb5 27. Nxb5 O-O
28. Bg5 Nxe4 29. f6 Qxc2 30. fxg7 Kxg7 31. Nxd6 Nxg5 32. Nf5+ Kh8 33. Qxh5+ Nh7
34. Rf1 Rg8+ 35. Nfg3 Rg5 36. Qf3 Rag8 37. Kh1 Qg6 38. Ne4 Rf5 0-1

[Event "PRAGUE OPEN 2019 - A - IM open"]
[Site "Praha, Olympik hotel"]
[Date "2019.01.16"]
[Round "7"]
[White "Leskiewicz, Ignacy"]
[Black "Kushko, Dmitry"]
[Result "1-0"]
[WhiteElo "2077"]
[BlackElo "2270"]
[PlyCount "45"]
[EventDate "2019.01.11"]

1. e4 d6 2. d4 Nf6 3. Nc3 g6 4. f3 c6 5. Be3 b5 6. a3 Nbd7 7. Qd2 Bb7 8. Nge2
a5 9. Ng3 h5 10. h4 Bg7 11. Be2 O-O 12. O-O Qc7 13. f4 b4 14. Na2 c5 15. d5 Ba6
16. c4 bxc3 17. Nxc3 Bxe2 18. Ncxe2 Ng4 19. Bf2 Rfb8 20. a4 Bxb2 21. Rab1 Bf6
22. Qd3 c4 23. Rb6 1-0

[Event "PRAGUE OPEN 2019 - A - IM open"]
[Site "Praha, Olympik hotel"]
[Date "2019.01.16"]
[Round "7"]
[White "Bednar, Marcel"]
[Black "Pycha, Patrik"]
[Result "1-0"]
[WhiteElo "2268"]
[BlackElo "1998"]
[PlyCount "83"]
[EventDate "2019.01.11"]

1. Nf3 d5 2. g3 Nf6 3. Bg2 c6 4. d3 Bg4 5. Nbd2 Nbd7 6. h3 Bh5 7. g4 Bg6 8. Nh4
e6 9. b3 Bc5 10. e3 Qc7 11. Bb2 Bxe3 12. Nxg6 Bxd2+ 13. Qxd2 hxg6 14. f4 O-O-O
15. O-O-O c5 16. c4 d4 17. Rhf1 Rhe8 18. Kb1 e5 19. fxe5 Rxe5 20. Bc1 Rde8 21.
Rde1 Rxe1 22. Rxe1 Rxe1 23. Qxe1 Qe5 24. Qf2 Qe7 25. Bf4 Ne5 26. Qg3 Nfd7 27.
g5 f6 28. Bd5 f5 29. Kc2 Qd6 30. a4 Qc7 31. Be6 Qc6 32. Bd5 Qc7 33. Qh4 Qa5 34.
Qh8+ Kc7 35. Bd2 Qa6 36. Qxg7 Nc6 37. Bf4+ Kd8 38. Qg8+ Ke7 39. Qe6+ Kd8 40.
Bd6 Nb4+ 41. Kb2 Nxd5 42. cxd5 1-0

[Event "PRAGUE OPEN 2019 - A - IM open"]
[Site "Praha, Olympik hotel"]
[Date "2019.01.16"]
[Round "7"]
[White "Otruba, Marek"]
[Black "Schnabel, Ralf"]
[Result "0-1"]
[WhiteElo "1983"]
[BlackElo "2206"]
[PlyCount "58"]
[EventDate "2019.01.11"]

1. d4 f5 2. Nc3 Nf6 3. Bg5 d5 4. Bxf6 exf6 5. e3 Be6 6. Qf3 Qd7 7. Bb5 Nc6 8.
Nge2 a6 9. Ba4 b5 10. Bb3 Ne7 11. Nf4 c6 12. Nce2 Nc8 13. Nxe6 Qxe6 14. Nf4 Qe4
15. Qh5+ Kd8 16. Bxd5 cxd5 17. Qf7 Bb4+ 18. c3 Re8 19. cxb4 Ra7 20. Qxd5+ Qxd5
21. Nxd5 Rd7 22. Nc3 Rxd4 23. a4 Re5 24. axb5 axb5 25. Nxb5 Rxb4 26. Rd1+ Ke8
27. Nc7+ Kf7 28. f4 Rc5 29. Na6 Ra5 0-1

[Event "PRAGUE OPEN 2019 - A - IM open"]
[Site "Praha, Olympik hotel"]
[Date "2019.01.16"]
[Round "7"]
[White "Pushkov, Nikolai"]
[Black "Mulenko, Alexander"]
[Result "1/2-1/2"]
[WhiteElo "2309"]
[BlackElo "2090"]
[PlyCount "68"]
[EventDate "2019.01.11"]

1. d4 Nf6 2. c4 e6 3. Nf3 b6 4. a3 Bb7 5. Nc3 Ne4 6. Qc2 Nxc3 7. Qxc3 a5 8. b3
Be7 9. Bb2 Bf6 10. e3 O-O 11. Be2 c5 12. O-O Qc7 13. Rfd1 d6 14. Qc2 Nd7 15. e4
Rfd8 16. d5 Bxb2 17. Qxb2 e5 18. Rd3 Nf8 19. Nh4 Bc8 20. Qd2 Ng6 21. Nxg6 fxg6
22. h4 Qe7 23. Qg5 Qxg5 24. hxg5 Rf8 25. g3 Bd7 26. a4 h6 27. gxh6 gxh6 28. Kg2
Rf6 29. Rh1 Raf8 30. Rf3 Kg7 31. Rxf6 Rxf6 32. f3 Be8 33. Kf2 g5 34. Ke3 Bd7
1/2-1/2

[Event "PRAGUE OPEN 2019 - A - IM open"]
[Site "Praha, Olympik hotel"]
[Date "2019.01.16"]
[Round "7"]
[White "Ng, Jen Sheng"]
[Black "Jaroch, Karol"]
[Result "1/2-1/2"]
[WhiteElo "2075"]
[BlackElo "2259"]
[PlyCount "50"]
[EventDate "2019.01.11"]

1. e4 c5 2. Nf3 d6 3. d4 cxd4 4. Nxd4 Nf6 5. Nc3 a6 6. Bc4 e6 7. Bb3 Be7 8. O-O
O-O 9. f4 b5 10. a3 Bb7 11. Qf3 Nbd7 12. f5 e5 13. Nde2 Nc5 14. Bd5 Nxd5 15.
exd5 Rc8 16. Ng3 Bf6 17. Be3 e4 18. Ncxe4 Nxe4 19. Nxe4 Rxc2 20. Rad1 Bxb2 21.
Bf4 Qb6+ 22. Kh1 f6 23. Nxf6+ Kh8 24. Qe4 Qc7 25. Bxd6 Rd8 1/2-1/2

[Event "PRAGUE OPEN 2019 - A - IM open"]
[Site "Praha, Olympik hotel"]
[Date "2019.01.16"]
[Round "7"]
[White "Czernek, Tymon"]
[Black "Pniaczek, Marek"]
[Result "1/2-1/2"]
[WhiteElo "2012"]
[BlackElo "2146"]
[PlyCount "50"]
[EventDate "2019.01.11"]

1. e4 d5 2. exd5 Qxd5 3. Nf3 Nc6 4. d4 Bg4 5. Be2 O-O-O 6. c4 Qf5 7. Bd2 Qf6 8.
h3 Bxf3 9. Bxf3 Qe6+ 10. Be3 Nxd4 11. Bd5 Qe5 12. Qxd4 Qxd4 13. Bxd4 e6 14.
Bxe6+ fxe6 15. Bc3 Nf6 16. Nd2 Bc5 17. Nb3 Bd6 18. O-O c5 19. Rfe1 Rhe8 20. Re2
Rd7 21. Rae1 Rde7 22. Nd2 e5 23. Nf3 Nd7 24. Ng5 Nf6 25. Nf3 Nd7 1/2-1/2

[Event "PRAGUE OPEN 2019 - A - IM open"]
[Site "Praha, Olympik hotel"]
[Date "2019.01.16"]
[Round "7"]
[White "Haase, Pavel"]
[Black "Chyzy, Jakub"]
[Result "1/2-1/2"]
[WhiteElo "2141"]
[BlackElo "2045"]
[PlyCount "78"]
[EventDate "2019.01.11"]

1. f4 d5 2. Nf3 c5 3. e3 Nf6 4. b3 e6 5. Bb2 Be7 6. Be2 O-O 7. O-O b6 8. Ne5
Nfd7 9. c4 Nxe5 10. Bxe5 Nd7 11. Bf3 Bb7 12. Bb2 Nf6 13. Nc3 Qd7 14. d3 Rfd8
15. Qe2 a6 16. Na4 Qc6 17. Rac1 Nd7 18. Nc3 Qd6 19. cxd5 exd5 20. e4 dxe4 21.
Bxe4 Bxe4 22. dxe4 Nf6 23. Rcd1 Qc6 24. e5 Nd5 25. Qf3 Nb4 26. Ne4 Rxd1 27.
Rxd1 Rd8 28. Rxd8+ Bxd8 29. a3 Nd5 30. Nc3 Ne7 31. Qd3 Qc8 32. Ne4 Nf5 33. h3
Be7 34. Nc3 c4 35. bxc4 Bc5+ 36. Kh2 Ne3 37. Nd5 Nxc4 38. Bd4 b5 39. f5 Bf8
1/2-1/2

[Event "PRAGUE OPEN 2019 - A - IM open"]
[Site "Praha, Olympik hotel"]
[Date "2019.01.16"]
[Round "7"]
[White "Jijo, Joy"]
[Black "Shyam, Prasad Reddy K"]
[Result "1/2-1/2"]
[WhiteElo "1940"]
[BlackElo "2137"]
[PlyCount "51"]
[EventDate "2019.01.11"]

1. e4 e5 2. Nf3 Nc6 3. Nc3 Nf6 4. d4 exd4 5. Nxd4 Bb4 6. Nxc6 bxc6 7. Bd3 O-O
8. O-O d5 9. exd5 cxd5 10. Bg5 c6 11. Qf3 h6 12. Bxf6 Qxf6 13. Qxf6 gxf6 14.
Ne2 Bd6 15. Ng3 Re8 16. Nf5 Bf8 17. Rfe1 Bd7 18. g4 c5 19. b3 Re5 20. c4 d4 21.
Rxe5 fxe5 22. Re1 Re8 23. f3 Bxf5 24. Bxf5 Kg7 25. Re2 Bd6 26. h3 1/2-1/2

[Event "PRAGUE OPEN 2019 - A - IM open"]
[Site "Praha, Olympik hotel"]
[Date "2019.01.16"]
[Round "7"]
[White "Lys, Josef"]
[Black "Molkanov, Oleg"]
[Result "0-1"]
[WhiteElo "2134"]
[BlackElo "2034"]
[PlyCount "38"]
[EventDate "2019.01.11"]

1. d4 f5 2. Bg5 g6 3. e3 Bg7 4. c4 c5 5. Nc3 cxd4 6. exd4 Nf6 7. Nf3 O-O 8. Bd3
Nc6 9. O-O h6 10. Bc1 d6 11. Re1 g5 12. d5 Ne5 13. Nd4 Nfg4 14. Rf1 Nxh2 15.
Kxh2 Ng4+ 16. Kg1 Bxd4 17. Ne2 Bb6 18. b3 Qe8 19. Ng3 f4 0-1

[Event "PRAGUE OPEN 2019 - B - FIDE open"]
[Site "Praha, Olympik hotel"]
[Date "2019.01.16"]
[Round "7"]
[White "Rocks, Daniel"]
[Black "Pyzio, Amelia"]
[Result "1-0"]
[WhiteElo "2022"]
[BlackElo "1646"]
[PlyCount "79"]
[EventDate "2019.01.11"]

1. e4 e5 2. Nf3 Nc6 3. c3 Nf6 4. d4 exd4 5. e5 Qe7 6. cxd4 d6 7. Bb5 Bd7 8. O-O
dxe5 9. dxe5 Ne4 10. Qe2 Nc5 11. Bg5 Qe6 12. Nc3 Be7 13. Bxe7 Nxe7 14. Nd4 Qb6
15. Bxd7+ Nxd7 16. e6 Nc5 17. exf7+ Kf8 18. Qc4 Rd8 19. b4 Rxd4 20. Qxd4 Ne6
21. Qxb6 axb6 22. Rfe1 Kxf7 23. Rad1 Rd8 24. Rxd8 Nxd8 25. Rd1 Ke8 26. Nd5 Nxd5
27. Rxd5 Nc6 28. a3 Ke7 29. f4 g6 30. Kf2 Ke6 31. Rd3 Ne7 32. g4 Nc6 33. Ke3
Ne7 34. Ke4 c6 35. Rd8 Nd5 36. Rb8 Nc7 37. Rxb7 Nb5 38. Rxb6 Kd6 39. Rxb5 cxb5
40. Kd4 1-0

[Event "PRAGUE OPEN 2019 - B - FIDE open"]
[Site "Praha, Olympik hotel"]
[Date "2019.01.16"]
[Round "7"]
[White "Prochazka, Jaroslav"]
[Black "Hadzala, Daniel"]
[Result "0-1"]
[WhiteElo "1888"]
[BlackElo "2023"]
[PlyCount "74"]
[EventDate "2019.01.11"]

1. e4 d6 2. d4 Nf6 3. Nc3 c6 4. Nf3 Nbd7 5. Be2 e5 6. O-O Be7 7. h3 O-O 8. Be3
Re8 9. dxe5 dxe5 10. Qd2 Qc7 11. Rad1 b5 12. a3 a5 13. Bd3 Nc5 14. Bxc5 Bxc5
15. Ne2 Bf8 16. Qg5 h6 17. Qe3 Nh5 18. Nh2 Rb8 19. Ng4 Qe7 20. g3 Nf6 21. Nxf6+
Qxf6 22. Kg2 Be6 23. Ng1 g6 24. c3 a4 25. Bc2 Kh7 26. Nf3 c5 27. Nh2 Bc8 28.
Ng4 Qe6 29. f3 h5 30. Nf2 Qc6 31. h4 b4 32. cxb4 cxb4 33. Qa7 Qxc2 34. Qxf7+
Bg7 35. Rc1 Qb3 36. Qa7 Rb7 37. Qa8 Bh3+ 0-1